Firemná identita ako konkurenčná výhoda na príklade BMW Group a AWT Bavaria dizertačná práca

Saved in:
Bibliographic Details
Main Author: Mišún, Juraj, 1978-
Corporate Author: Ekonomická univerzita v Bratislave. Obchodná fakulta
Other Authors: Lipianska, Júlia
Format: Book
Language:Slovak
Published: Bratislava 2005
Subjects:
Tags: Add Tag
No Tags, Be the first to tag this record!

MARC

LEADER 00000nam$a2200000$$$4500
001 0100024
005 20221208111223.7
041 0 |a slo 
044 |a SK 
245 1 0 |a Firemná identita ako konkurenčná výhoda na príklade BMW Group a AWT Bavaria  |b dizertačná práca  |c Juraj Mišún ; škol. Júlia Lipianska 
264 1 |a Bratislava  |c 2005 
300 |a 197 s. 
610 2 0 |a identita podniková 
610 2 0 |a výhody konkurenčné 
610 2 0 |a imidž 
100 1 |a Mišún, Juraj, 1978- 
700 1 |a Lipianska, Júlia 
710 2 |a Ekonomická univerzita v Bratislave. Obchodná fakulta